| 000 | 01051nam a22002417a 4500 | ||
|---|---|---|---|
| 001 | 38438 | ||
| 003 | BD-RjUL | ||
| 005 | 20211209052810.0 | ||
| 008 | 151202s 1982bg ||||| |||| 00| 0 ben d | ||
| 035 | _a(BD-RjUL)38543 | ||
| 040 |
_aBD-RjUL _bben _cBD-RjUL |
||
| 041 | _aben | ||
| 082 |
_a891.4437 _bOYL 1982 |
||
| 100 |
_aওয়ালীউল্লাহ্, সৈয়দ _9116624 |
||
| 245 |
_aলালসালু / _cসৈয়দ ওয়ালীউল্লাহ্ |
||
| 260 |
_aঢাকা : _bকথাবিতান, _c১৯৮২ |
||
| 300 |
_a১২৩ পৃ. ; _c২২ সেমি. |
||
| 650 |
_aভণ্ড ও ভণ্ডামি _xধর্মীয় দৃষ্টিভঙ্গী _xউপন্যাস _9118713 |
||
| 650 |
_aপ্রতারণা _xধর্মীয় দৃষ্টিভঙ্গী _xউপন্যাস _9118715 |
||
| 650 |
_aImpostors and imposture _xReligious aspects _xFiction _9118714 |
||
| 650 |
_aDeception _xReligious aspects _xFiction _9118716 |
||
| 942 |
_2ddc _cBK |
||
| 999 |
_c38438 _d38438 |
||